Library of the University of Algiers 3
Ibrahim Sultan Cheibout
شعار جامعة الجزائر 3
مكتبة جامعة الجزائر 3
إبراهيم سلطان شيبوط

النظرية الإجتماعية المعاصرة (رقم التسجيلة. 11027)

تفاصيل مارك
000 -LEADER
fixed length control field 00498nam a2200181Ia 4500
003 - CONTROL NUMBER IDENTIFIER
control field IEPS
005 - DATE AND TIME OF LATEST TRANSACTION
control field 20260205105850.0
008 - FIXED-LENGTH DATA ELEMENTS--GENERAL INFORMATION
fixed length control field 250223s9999||||xx |||||||||||||| ||und||
040 ## - CATALOGING SOURCE
Transcribing agency IEPS
041 ## - LANGUAGE CODE
Language code of text/sound track or separate title ara
082 ## - DEWEY DECIMAL CLASSIFICATION NUMBER
Classification number 301
100 ## - MAIN ENTRY--PERSONAL NAME
Personal name ليله علي
245 #0 - TITLE STATEMENT
Title النظرية الإجتماعية المعاصرة
260 ## - PUBLICATION, DISTRIBUTION, ETC.
Place of publication, distribution, etc. القاهرة
Name of publisher, distributor, etc. دار المعارف
Date of publication, distribution, etc. 1983
300 ## - PHYSICAL DESCRIPTION
Extent 809 ص.
Other physical details غلاف ملون
Dimensions 24 سم
653 ## - INDEX TERM--UNCONTROLLED
Uncontrolled term علم الإجتماع
942 ## - ADDED ENTRY ELEMENTS (KOHA)
Koha item type كتب
Source of classification or shelving scheme Dewey Decimal Classification
المقتنيات
Withdrawn status Lost status Source of classification or shelving scheme Damaged status Not for loan Home library Current library Date acquired Inventory number Total checkouts Full call number Barcode Date last seen Copy number Price effective from Koha item type
    Dewey Decimal Classification   Available مكتبة معهد التربية البدنية و الرياضية مكتبة معهد التربية البدنية و الرياضية 23/02/2025 الجرد / 1   301 ل ع ن /1 الجرد / 1 23/02/2025 ل ع 01/1 23/02/2025 كتب
    Dewey Decimal Classification   Available مكتبة معهد التربية البدنية و الرياضية مكتبة معهد التربية البدنية و الرياضية 23/02/2025 الجرد / 2   301 ل ع ن /2 الجرد / 2 23/02/2025 ل ع 01/2 23/02/2025 كتب

موارد الويب المفتوحة


© University of Algiers 3 All Rights Reserved
|
Implemented by LECHELAH Riad